| 000 | 01151pam a2200325 a 4500 | ||
|---|---|---|---|
| 001 | 3943763 | ||
| 003 | OSt | ||
| 005 | 20140310181957.0 | ||
| 008 | 931018s1994 nyu j 000 1 eng | ||
| 010 | _a 93038850 | ||
| 020 |
_a0380725762 _c$13.95 |
||
| 040 |
_aDLC _cDLC _dDLC |
||
| 042 | _alcac | ||
| 050 | 0 | 0 |
_aPZ 7 _b.C967 1994 |
| 082 | 0 | 0 |
_aKF _bC89m 1994 |
| 100 | 1 |
_aCullen, Lynn. _94835 |
|
| 245 | 1 | 0 |
_aMeeting the make-out king / _cby Lynn Cullen. |
| 260 |
_aNew York : _cc1994. _bAvon Books |
||
| 300 |
_a131 p. ; _c22 cm. |
||
| 520 | _aSeventh-grader Nora's happiness at being accepted into the cool crowd at school turns to discomfort when Dawn tries to match her up with Mark the make-out king. | ||
| 521 | _aFaculty. | ||
| 541 | _j1 | ||
| 562 | _e1 | ||
| 650 | 1 |
_aSchools _xFiction. _94836 |
|
| 650 | 1 |
_aPopularity _xFiction. _94837 |
|
| 856 | 4 | 2 |
_3Publisher description _uhttp://www.loc.gov/catdir/enhancements/fy0728/93038850-d.html |
| 906 |
_a7 _bcbc _corignew _d1 _eocip _f19 _gy-gencatlg |
||
| 942 |
_2lcc _cBK-KF _kKF |
||
| 999 |
_c7952 _d7952 |
||